Vista normal Vista MARC

Entrada Topical Term

Número de registros utilizados en: 1

001 - CONTROL NUMBER

  • control field: 60098

003 - CONTROL NUMBER IDENTIFIER

  • control field: OSt

005 - DATE AND TIME OF LATEST TRANSACTION

  • control field: 20250606160521.0

008 - FIXED-LENGTH DATA ELEMENTS

  • fixed length control field: 250606|| aca||aabn | a|a d

040 ## - CATALOGING SOURCE

  • Original cataloging agency: OSt
  • Transcribing agency: OSt

150 ## - HEADING--TOPICAL TERM

  • Topical term or geographic name entry element: Compositores
  • Chronological subdivision: Siglo XVIII

670 ## - SOURCE DATA FOUND

  • Source citation: Work cat.: (OSt)57247: Costa, Maria Joao 60094, Me llamo... Beethoven









Instituto Departamental de Cultura del Meta - Red Departamental de Bibliotecas Públicas del Meta.